Boje lwowskie
| Titel: | Boje lwowskie / Czesław Mączyński |
|---|---|
| Verfasser: | |
| Veröffentlicht: | Warszwawa : Książka i Wiedza, 2017- |
| Format: | Mehrteiliges Werk |
| Sprache: | Polnisch |
| Bände: |
alle Bände anzeigen
|
X
alg: 42096864 001A $03004:13-11-17 001B $03004:04-01-18 $t12:12:43.000 001C $03004:13-11-17 $t08:35:17.000 001D $03004:04-01-18 001U $0utf8 001X $00 002@ $0Acu 002C $aText $btxt $2rdacontent 002D $aohne Hilfsmittel zu benutzen $bn $2rdamedia 002E $aBand $bnc $2rdacarrier 003@ $0420968644 007A $0420968644 $aHEB 010@ $apol 010E $erda 011@ $a2017 $n2017- 021A $aBoje lwowskie $hCzesław Mączyński 028A $#Mączyński, Czesław Jan $#Maczynski, Czeslaw $7129894532 $8Mączyński, Czesław$Z1881-1935 [Tp1] $9127779922 033A $pWarszwawa $nKsiążka i Wiedza 044K $#Lemberg $#Leontopolis $#Leopolis $#Leopoli $#Léopol $#Lwów $#Lwow $#L'vov $#Lwiw $#L'viv $#Lʹviv vor 1919 $#Lviv $#Lvovas $#Львів $74035304-7 $8Lemberg [Tg1] $9085095230 045R $aGeschichte 1918 lok: 42096864 24 exp: 42096864 24 1 #EPN 201B/01 $004-01-18 $t12:05:45.000 201C/01 $013-11-17 201U/01 $0utf8 203@/01 $01011554615 208@/01 $a13-11-17 $bda 209A/01 $aEinzelbestellung $f050 $x00 220C/01 $aho-sz 247C/01 $8358050-7Marburg, Bibliothek des Herder-Instituts Marburg $9102600961 lok: 42096864 78 exp: 42096864 78 1 #EPN 201B/01 $009-02-18 $t22:50:22.000 203@/01 $0101731716X 208@/01 $a09-02-18 $bdummy 201U/01 $0utf8 lok: 42096864 204 exp: 42096864 204 1 #EPN 201B/01 $025-07-18 $t16:17:52.000 201C/01 $030-11-17 201U/01 $0utf8 203@/01 $01012196178 208@/01 $a30-11-17 $bdaUB
| LEADER | 00000cam a2200000 ca4500 | ||
|---|---|---|---|
| 001 | 420968644 | ||
| 003 | DE-603 | ||
| 005 | 20180104121243.0 | ||
| 007 | tu | ||
| 008 | 171113s2017 xx |||| | u00||u|pol c | ||
| 035 | |a (DE-599)HEB420968644 | ||
| 040 | |a DE-603 |b ger |c DE-603 |d DE-603 |e rda | ||
| 041 | |a pol | ||
| 100 | 1 | |a Mączyński, Czesław |d 1881-1935 |0 (DE-603)127779922 |0 (DE-588)129894532 |2 gnd | |
| 245 | 0 | 0 | |a Boje lwowskie |c Czesław Mączyński |
| 264 | 1 | |a Warszwawa |b Książka i Wiedza |c 2017- | |
| 336 | |a Text |b txt |2 rdacontent | ||
| 337 | |a ohne Hilfsmittel zu benutzen |b n |2 rdamedia | ||
| 338 | |a Band |b nc |2 rdacarrier | ||
| 648 | 7 | |a Geschichte 1918 |2 gnd | |
| 651 | 7 | |a Lemberg |0 (DE-588)4035304-7 |0 (DE-603)085095230 |2 gnd | |
| 924 | 0 | |9 Mb 50 |a (DE-603)1011554615 |b DE-Mb50 |c HES |d c |g Einzelbestellung | |
| 924 | 0 | |9 603 |a (DE-603)101731716X |b DE-603 |c HES |d d | |
| 924 | 0 | |9 603 |a (DE-603)1012196178 |b DE-603 |c HES |d d | |


